| 000 | 01020nam a22002415i 4500 | ||
|---|---|---|---|
| 001 | 175153 | ||
| 003 | ES-MaACL | ||
| 005 | 20250815103933.0 | ||
| 008 | 101008s1963 sp ao |||| | spa d | ||
| 080 | _a581.2 | ||
| 100 | 1 |
_aRubio Huertos, Miguel. _9143501 |
|
| 245 | 1 | 0 |
_aMicroscopia normal y electrónica de las inclusiones intracelulares producidas por virus de plantas _b: premio "Francisco Franco", 1959 / _cMiguel Rubio Huertos. |
| 260 |
_aMadrid : _bConsejo Superior de Investigaciones Científicas, _c1963. |
||
| 300 |
_a130 p. : _bil., fot. ; _c25 cm. |
||
| 490 | 1 |
_aMonografías de ciencia moderna ; _v66 |
|
| 490 | 1 |
_aInstituto "Jaime Ferrán" de Microbiología ; _v3 |
|
| 650 | 1 | 4 |
_aPatología vegetal. _915885 |
| 710 | 2 |
_aConsejo Superior de Investigaciones Científicas (España) _93236 |
|
| 830 | 0 |
_aMonografías de ciencia moderna _v66 _9189470 |
|
| 830 | 0 |
_aInstituto "Jaime Ferrán" de Microbiología ; _v3 _9189530 |
|
| 852 |
_aES-MaACL _jE-13330 _xOlim P-555 bis |
||
| 999 |
_c175153 _d175153 |
||